[Event "10. HIT Open 2005 - B"]
[Site "Nova Gorica SLO"]
[Date "2005.01.31"]
[Round "5.2"]
[White "Skoberne, Renato"]
[Black "Budihna, Kristijan"]
[Result "1-0"]
[WhiteElo "2083"]
[BlackElo "2023"]
[PlyCount "59"]
[EventDate "2005.01.28"]
[EventType "swiss"]
[EventRounds "9"]
[EventCountry "SLO"]
[Source "lmi"]
[SourceDate "2005.02.03"]

1. c4 Nf6 2. Nc3 g6 3. g3 c5 4. Bg2 Nc6 5. Nf3 Bg7 6. O-O O-O 7. e4 d6 8. d3
Nh5 9. h3 a6 10. Be3 e5 11. Qd2 Be6 12. Rab1 Qd7 13. Ng5 f5 14. Nxe6 Qxe6 15.
exf5 Qd7 16. fxg6 hxg6 17. Nd5 Rab8 18. b4 cxb4 19. Nxb4 Ne7 20. Nd5 Nxd5 21.
Bxd5+ Kh7 22. Bg2 b5 23. Qa5 bxc4 24. dxc4 Bh6 25. Bxh6 Kxh6 26. Rxb8 Rxb8 27.
Qd2+ Kg7 28. Rd1 Rd8 29. c5 d5 30. Qxd5 1-0

[Event "10. HIT Open 2005 - B"]
[Site "Nova Gorica SLO"]
[Date "2005.01.31"]
[Round "5.3"]
[White "Di-Donato, Giovanni"]
[Black "Picco, Ruggero"]
[Result "0-1"]
[WhiteElo "2125"]
[BlackElo "2022"]
[PlyCount "86"]
[EventDate "2005.01.28"]
[EventType "swiss"]
[EventRounds "9"]
[EventCountry "SLO"]
[Source "lmi"]
[SourceDate "2005.02.03"]

1. e4 e5 2. Nf3 Nc6 3. Bc4 Be7 4. Nc3 Nf6 5. d3 d6 6. h3 Na5 7. Bb3 O-O 8. O-O
Nxb3 9. axb3 Ne8 10. Nd5 f5 11. Nxe7+ Qxe7 12. Bg5 Qf7 13. exf5 Bxf5 14. Be3
Bd7 15. Ng5 Qg6 16. Kh2 Nf6 17. Qd2 Bc6 18. f4 exf4 19. Bxf4 Nh5 20. Rae1 Rf6
21. Ne4 Bxe4 22. dxe4 Rxf4 23. Qd5+ Qf7 24. Qxf7+ Rxf7 25. Rxf7 Kxf7 26. Rf1+
Ke7 27. Rf5 g6 28. Rf3 Rf8 29. Rc3 Kd7 30. Rd3 Re8 31. Rf3 Rxe4 32. g4 Ng7 33.
b4 Ke7 34. Ra3 Rxb4 35. Re3+ Ne6 36. b3 d5 37. Rd3 d4 38. Kg3 c5 39. h4 b5 40.
Kf3 c4 41. bxc4 Rxc4 42. Rd2 a5 43. Ke4 d3+ 0-1

[Event "10. HIT Open 2005 - B"]
[Site "Nova Gorica SLO"]
[Date "2005.01.31"]
[Round "5.4"]
[White "Laco, Giuseppe"]
[Black "Visintin, Roberto"]
[Result "1-0"]
[WhiteElo "2104"]
[BlackElo "1940"]
[PlyCount "125"]
[EventDate "2005.01.28"]
[EventType "swiss"]
[EventRounds "9"]
[EventCountry "SLO"]
[Source "lmi"]
[SourceDate "2005.02.03"]

1. c4 e5 2. Nc3 Nf6 3. g3 Bc5 4. Bg2 O-O 5. a3 a5 6. e3 Re8 7. Nge2 d6 8. d4
Bb6 9. Na4 c6 10. Nxb6 Qxb6 11. O-O Bf5 12. Nc3 exd4 13. exd4 Nbd7 14. h3 h5
15. Na4 Qa6 16. b3 Be4 17. f3 Bg6 18. Bf4 d5 19. c5 Re6 20. Rf2 Rae8 21. Bf1
Qa8 22. Qd2 Kh7 23. Qc3 Ng8 24. b4 axb4 25. axb4 Qd8 26. h4 Nh6 27. Qd2 Bf5 28.
Nc3 b5 29. Kh2 Nf8 30. Ra7 R8e7 31. Bg5 f6 32. Rxe7 Rxe7 33. Bxh6 gxh6 34. Qf4
Qd7 35. g4 hxg4 36. fxg4 Bxg4 37. Bd3+ Kg8 38. Rg2 h5 39. Bf5 Qc7 40. Qd6 Kf7
41. Qxc7 Rxc7 42. Bxg4 hxg4 43. Rxg4 Re7 44. Kg2 Re1 45. h5 Rc1 46. Ne2 Rc2 47.
Kf1 Ne6 48. Rg3 Ra2 49. Rf3 Ra4 50. Rb3 Kg7 51. Re3 Ng5 52. Re7+ Kh6 53. Rc7
Kxh5 54. Rxc6 f5 55. Nf4+ Kg4 56. Nxd5 Kf3 57. Ke1 Ne4 58. Kd1 f4 59. Re6 Nf2+
60. Kc2 Ra2+ 61. Kb3 Rd2 62. Nc3 Rxd4 63. Nxb5 1-0

[Event "10. HIT Open 2005 - B"]
[Site "Nova Gorica SLO"]
[Date "2005.01.31"]
[Round "5.5"]
[White "Ursic, Mateja"]
[Black "Bucer, Savin"]
[Result "1-0"]
[WhiteElo "2048"]
[BlackElo "1500"]
[PlyCount "77"]
[EventDate "2005.01.28"]
[EventType "swiss"]
[EventRounds "9"]
[EventCountry "SLO"]
[Source "lmi"]
[SourceDate "2005.02.03"]

1. e4 c5 2. c3 Nc6 3. Nf3 d6 4. d4 cxd4 5. cxd4 e5 6. Bc4 Bg4 7. Qb3 Qc7 8.
dxe5 Bxf3 9. Qxf3 Nd4 10. Qd3 dxe5 11. Bb5+ Nxb5 12. Qxb5+ Qd7 13. Qxe5+ Be7
14. O-O Nf6 15. Nc3 O-O 16. Rd1 Qe6 17. Qxe6 fxe6 18. Bg5 h6 19. Bh4 Rfd8 20.
e5 Nd5 21. Bxe7 Nxe7 22. f4 Nc6 23. Rxd8+ Rxd8 24. Rd1 Rxd1+ 25. Nxd1 Kf7 26.
Kf2 g5 27. g3 g4 28. Ne3 h5 29. Nc2 a5 30. Ke3 b5 31. Nd4 Nb4 32. a3 Nd5+ 33.
Ke4 b4 34. Nxe6 bxa3 35. Ng5+ Ke7 36. bxa3 Nc3+ 37. Kd3 Nb5 38. a4 Nc7 39. Kc4
1-0

[Event "10. HIT Open 2005 - B"]
[Site "Nova Gorica SLO"]
[Date "2005.01.31"]
[Round "5.6"]
[White "Diotallevi, Maurizio"]
[Black "Padjen, Zdenko"]
[Result "1/2-1/2"]
[WhiteElo "2083"]
[BlackElo "2069"]
[PlyCount "32"]
[EventDate "2005.01.28"]
[EventType "swiss"]
[EventRounds "9"]
[EventCountry "SLO"]
[Source "lmi"]
[SourceDate "2005.02.03"]

1. d4 f5 2. Nf3 Nf6 3. g3 g6 4. Bg2 Bg7 5. O-O d6 6. c4 O-O 7. d5 c6 8. Nc3 e5
9. e4 Na6 10. Be3 cxd5 11. cxd5 b6 12. Ne1 Nc5 13. f3 fxe4 14. fxe4 Ng4 15. Bd2
Rxf1+ 16. Bxf1 Qf8 1/2-1/2

[Event "10. HIT Open 2005 - B"]
[Site "Nova Gorica SLO"]
[Date "2005.01.31"]
[Round "5.7"]
[White "Pagnutti, Lorenzo"]
[Black "Plaskan, Jure"]
[Result "1-0"]
[WhiteElo "2060"]
[BlackElo "2031"]
[PlyCount "96"]
[EventDate "2005.01.28"]
[EventType "swiss"]
[EventRounds "9"]
[EventCountry "SLO"]
[Source "lmi"]
[SourceDate "2005.02.03"]

1. e4 c5 2. c3 Nf6 3. e5 Nd5 4. d4 cxd4 5. Nf3 d6 6. Qxd4 e6 7. exd6 Qxd6 8.
Na3 Nc6 9. Bb5 Bd7 10. Bxc6 bxc6 11. O-O Nb6 12. Qg4 h5 13. Qh4 Qc7 14. Nc2 Be7
15. Qe4 c5 16. Bf4 Qc6 17. Qe2 Nd5 18. Bd2 Qc7 19. Ne5 Bd6 20. f4 g6 21. c4 Ne7
22. Bc3 Rg8 23. Rad1 Bc6 24. Rfe1 Bxe5 25. Bxe5 Qb7 26. Ne3 Nf5 27. Rd3 Nxe3
28. Rxe3 Qe7 29. Rd3 Rc8 30. Qf2 Qb7 31. Ree3 Qe7 32. b3 Be4 33. Rc3 Bc6 34.
Qb2 Rd8 35. Red3 Rxd3 36. Rxd3 Qb7 37. Bf6 Bd7 38. Qd2 Qc7 39. Qe3 Kf8 40. Qd2
Ke8 41. Qd1 Qb7 42. h4 Qc7 43. Qf3 Qc8 44. Qe4 Kf8 45. Qe5 Qc6 46. Qb8+ Be8 47.
Qxa7 Rg7 48. Qe7+ Kg8 1-0

[Event "10. HIT Open 2005 - B"]
[Site "Nova Gorica SLO"]
[Date "2005.01.31"]
[Round "5.8"]
[White "Milinkovic, Zdravko"]
[Black "Zorat, Paolo"]
[Result "0-1"]
[WhiteElo "2016"]
[BlackElo "1900"]
[PlyCount "94"]
[EventDate "2005.01.28"]
[EventType "swiss"]
[EventRounds "9"]
[EventCountry "SLO"]
[Source "lmi"]
[SourceDate "2005.02.03"]

1. d4 Nf6 2. c4 e6 3. Nc3 c5 4. d5 exd5 5. cxd5 d6 6. e4 g6 7. Nf3 Bg7 8. Bb5+
Nbd7 9. O-O a6 10. Bxd7+ Nxd7 11. a4 O-O 12. Bf4 Qc7 13. Rc1 Rb8 14. Qe2 Re8
15. b4 b6 16. b5 a5 17. Nd2 f5 18. f3 Ne5 19. Kh1 fxe4 20. fxe4 Bg4 21. Qe3
Rbd8 22. h3 Bc8 23. Bg5 Rd7 24. Ne2 Rf7 25. Rxf7 Nxf7 26. Bf4 Qd8 27. Qd3 g5
28. Bh2 g4 29. hxg4 Bxg4 30. Rf1 Qg5 31. Nf3 Qh6 32. Kg1 Rf8 33. Bf4 Qg6 34.
Ng3 Bxf3 35. Rxf3 Bd4+ 36. Kf1 Nh6 37. Ne2 Bg7 38. Kg1 Rf7 39. Rg3 Ng4 40. Bxd6
Qh6 41. Rxg4 Qxd6 42. Ng3 c4 43. Qxc4 Rc7 44. Qd4 Rc1+ 45. Kh2 Qh6+ 46. Nh5
Qxh5+ 47. Kg3 Qxg4+ 0-1

[Event "10. HIT Open 2005 - B"]
[Site "Nova Gorica SLO"]
[Date "2005.01.31"]
[Round "5.9"]
[White "Ursic, Aleksander"]
[Black "Di Lazzaro, Gabriele"]
[Result "1-0"]
[WhiteElo "1948"]
[BlackElo "2012"]
[PlyCount "95"]
[EventDate "2005.01.28"]
[EventType "swiss"]
[EventRounds "9"]
[EventCountry "SLO"]
[Source "lmi"]
[SourceDate "2005.02.03"]

1. d4 d5 2. Nf3 Nf6 3. Bf4 c5 4. c3 Qb6 5. Qc2 Nc6 6. e3 Bf5 7. Qc1 h6 8. Nbd2
e6 9. Ne5 Be7 10. Be2 O-O 11. g4 Nxe5 12. gxf5 Ned7 13. Rg1 Kh8 14. Nb3 Bd6 15.
fxe6 fxe6 16. Bg3 a5 17. Qc2 a4 18. Nd2 cxd4 19. exd4 e5 20. dxe5 Nxe5 21.
O-O-O a3 22. b3 Rac8 23. Kb1 Qc5 24. Rc1 b5 25. f4 Ned7 26. Qg6 Rg8 27. Nf3 Qe3
28. Qd3 Qxd3+ 29. Bxd3 b4 30. Ne5 Bxe5 31. fxe5 Ne4 32. Bxe4 dxe4 33. cxb4 Rge8
34. Rge1 Nxe5 35. Rxe4 Nf3 36. Rxe8+ Rxe8 37. Rd1 Re2 38. b5 Nd2+ 39. Ka1 Ne4
40. Rc1 Rd2 41. Bf4 Rf2 42. b6 Nc3 43. Rxc3 Rxf4 44. Kb1 Rb4 45. Rc6 Kg8 46.
Kc2 Kf7 47. Kc3 Re4 48. b7 1-0

[Event "10. HIT Open 2005 - B"]
[Site "Nova Gorica SLO"]
[Date "2005.01.31"]
[Round "5.10"]
[White "Petrovic, Marko"]
[Black "Bacic, Domagoj"]
[Result "1-0"]
[WhiteElo "1927"]
[BlackElo "1534"]
[PlyCount "94"]
[EventDate "2005.01.28"]
[EventType "swiss"]
[EventRounds "9"]
[EventCountry "SLO"]
[Source "lmi"]
[SourceDate "2005.02.03"]

1. e4 d6 2. d4 g6 3. Bd3 Bg7 4. Ne2 e5 5. c3 Nf6 6. Bg5 c6 7. Qc2 O-O 8. dxe5
dxe5 9. Nd2 h6 10. Bh4 a5 11. a4 Be6 12. O-O Nbd7 13. Rad1 g5 14. Bg3 Nh5 15.
Nc4 Qc7 16. Ne3 Nc5 17. Bc4 Nf4 18. Bxe6 fxe6 19. Nc1 b5 20. axb5 cxb5 21. f3
Rfc8 22. Rd2 a4 23. Rfd1 Rd8 24. Bf2 Bf8 25. Ng4 Kg7 26. Rxd8 Rxd8 27. Rxd8
Qxd8 28. Nxe5 Nb3 29. Nxb3 axb3 30. Qxb3 Qd2 31. h3 Bc5 32. Ng4 Qc1+ 33. Kh2
Bxf2 34. Nxf2 Ne2 35. Qd1 Qf4+ 36. Kh1 Ng3+ 37. Kg1 Qe3 38. Qd7+ Kf8 39. Qd8+
Kf7 40. Qc7+ Kg6 41. Qxg3 Qc1+ 42. Kh2 Qxb2 43. f4 Qe2 44. fxg5 hxg5 45. h4 Qh5
46. Qxg5+ Qxg5 47. hxg5 Kxg5 1-0

[Event "10. HIT Open 2005 - B"]
[Site "Nova Gorica SLO"]
[Date "2005.01.31"]
[Round "5.11"]
[White "Valic, Jakob"]
[Black "Nardin, Flavij"]
[Result "1/2-1/2"]
[WhiteElo "1507"]
[BlackElo "2062"]
[PlyCount "46"]
[EventDate "2005.01.28"]
[EventType "swiss"]
[EventRounds "9"]
[EventCountry "SLO"]
[Source "lmi"]
[SourceDate "2005.02.03"]

1. e4 e6 2. Nf3 d5 3. exd5 exd5 4. d4 Nf6 5. Be2 Be7 6. O-O O-O 7. Bf4 Bg4 8.
h3 Bh5 9. Nbd2 Nbd7 10. Rc1 c6 11. c3 b6 12. c4 Rc8 13. g4 Bg6 14. c5 b5 15. a4
a6 16. Ra1 Ne4 17. axb5 axb5 18. Ra7 f5 19. Ne5 Ndxc5 20. Rxe7 Qxe7 21. dxc5
fxg4 22. Nxg6 hxg6 23. Bxg4 Rce8 1/2-1/2

[Event "10. HIT Open 2005 - B"]
[Site "Nova Gorica SLO"]
[Date "2005.01.31"]
[Round "5.12"]
[White "Ursic, Jakob"]
[Black "Vetrih, Joze"]
[Result "1-0"]
[WhiteElo "1943"]
[BlackElo "1805"]
[PlyCount "67"]
[EventDate "2005.01.28"]
[EventType "swiss"]
[EventRounds "9"]
[EventCountry "SLO"]
[Source "lmi"]
[SourceDate "2005.02.03"]

1. e4 e5 2. Nf3 Nc6 3. Nc3 Nf6 4. d4 exd4 5. Nxd4 Bb4 6. Nxc6 Bxc3+ 7. bxc3
bxc6 8. Bd3 d6 9. O-O h6 10. Ba3 O-O 11. e5 Ng4 12. exd6 cxd6 13. Bxd6 Re8 14.
c4 f5 15. c5 Kh8 16. Re1 Nf6 17. Qf3 Qd7 18. Rad1 a5 19. Re5 Rxe5 20. Bxe5 Qd5
21. Bxf6 Qxf3 22. Bxg7+ Kxg7 23. gxf3 Be6 24. a3 Kf6 25. Be2 Rg8+ 26. Kf1 Ke7
27. Rd6 f4 28. Rxe6+ Kxe6 29. Bc4+ Ke5 30. Bxg8 Kd4 31. Ke2 a4 32. Kd2 h5 33.
h4 Kxc5 34. Kc3 1-0

[Event "10. HIT Open 2005 - B"]
[Site "Nova Gorica SLO"]
[Date "2005.01.31"]
[Round "5.13"]
[White "Furlan, Albin"]
[Black "Bonoli, Luciano"]
[Result "1-0"]
[WhiteElo "2083"]
[BlackElo "1725"]
[PlyCount "77"]
[EventDate "2005.01.28"]
[EventType "swiss"]
[EventRounds "9"]
[EventCountry "SLO"]
[Source "lmi"]
[SourceDate "2005.02.03"]

1. e4 d6 2. d4 Nf6 3. Nc3 c6 4. Bd3 g6 5. h3 Bg7 6. Be3 e5 7. Nge2 exd4 8. Bxd4
Nbd7 9. f4 c5 10. Bf2 O-O 11. Qd2 a6 12. a4 Nb6 13. a5 Nbd7 14. O-O b5 15. axb6
Nxb6 16. e5 Nfd7 17. exd6 Bb7 18. b3 Nd5 19. Nxd5 Bxd5 20. Rxa6 c4 21. Bxc4
Bxc4 22. Rxa8 Qxa8 23. bxc4 Rc8 24. c5 Qc6 25. Rd1 Nxc5 26. d7 Rd8 27. Bxc5
Qxc5+ 28. Kf1 Bh6 29. c3 Qf5 30. Qd6 Bf8 31. Qc7 Be7 32. Qc6 g5 33. Qd5 Qc2 34.
fxg5 Qg6 35. Nd4 Bxg5 36. Nc6 Qf6+ 37. Qf3 Qe6 38. Nxd8 Bxd8 39. Qg4+ 1-0

[Event "10. HIT Open 2005 - B"]
[Site "Nova Gorica SLO"]
[Date "2005.01.31"]
[Round "5.14"]
[White "Samuelli, Daniele"]
[Black "Punteri, Marco"]
[Result "0-1"]
[WhiteElo "1700"]
[BlackElo "2051"]
[PlyCount "72"]
[EventDate "2005.01.28"]
[EventType "swiss"]
[EventRounds "9"]
[EventCountry "SLO"]
[Source "lmi"]
[SourceDate "2005.02.03"]

1. e4 c5 2. Nf3 Nc6 3. d4 cxd4 4. Nxd4 Nf6 5. Nc3 e5 6. Ndb5 d6 7. Bg5 a6 8.
Na3 b5 9. Nd5 Be7 10. Bxf6 Bxf6 11. c3 Ne7 12. Nxe7 Qxe7 13. g3 O-O 14. Bg2 Bb7
15. O-O Qe6 16. Qb3 Rac8 17. Rfd1 Be7 18. Nc2 Qg6 19. f3 Rc5 20. a4 Kh8 21. Ne3
Bg5 22. Nf5 d5 23. axb5 Rxb5 24. Qa3 Rc8 25. Ne7 Bxe7 26. Qxe7 Rxb2 27. Qxe5 h6
28. Rab1 Qb6+ 29. Qd4 Rxb1 30. Qxb6 Rxb6 31. exd5 Rd6 32. f4 Rxc3 33. Rb1 Rc7
34. Be4 g6 35. f5 Kg7 36. Kf2 Bxd5 0-1

[Event "10. HIT Open 2005 - B"]
[Site "Nova Gorica SLO"]
[Date "2005.01.31"]
[Round "5.15"]
[White "Antoniacci, Riccardo"]
[Black "Skrinjar, Matic"]
[Result "1-0"]
[WhiteElo "2000"]
[BlackElo "1527"]
[PlyCount "46"]
[EventDate "2005.01.28"]
[EventType "swiss"]
[EventRounds "9"]
[EventCountry "SLO"]
[Source "lmi"]
[SourceDate "2005.02.03"]

1. e4 e5 2. Nf3 Nc6 3. d4 exd4 4. Bc4 Nf6 5. e5 d5 6. exf6 dxc4 7. Qe2+ Be6 8.
fxg7 Bxg7 9. Bg5 Qd6 10. O-O d3 11. cxd3 cxd3 12. Qd2 Ne5 13. Nxe5 Bxe5 14. Nc3
h6 15. Bh4 Bxh2+ 16. Kh1 Bf4 17. Qd1 Bd5 18. Re1+ Be6 19. Ne4 Qd5 20. Nf6+ Kf8
21. Nxd5 Bxd5 22. Be7+ Kg7 23. Qg4+ Bg5 1-0

[Event "10. HIT Open 2005 - B"]
[Site "Nova Gorica SLO"]
[Date "2005.01.31"]
[Round "5.16"]
[White "Peranovic, Zdravko"]
[Black "Belardinelli, Franco"]
[Result "0-1"]
[WhiteElo "1500"]
[BlackElo "2000"]
[PlyCount "120"]
[EventDate "2005.01.28"]
[EventType "swiss"]
[EventRounds "9"]
[EventCountry "SLO"]
[Source "lmi"]
[SourceDate "2005.02.03"]

1. d4 Nf6 2. c4 e6 3. Nc3 Bb4 4. Bg5 h6 5. Bd2 O-O 6. Nf3 c5 7. e3 Nc6 8. a3
Bxc3 9. Bxc3 Ne4 10. Bd3 Nxc3 11. bxc3 b6 12. O-O d6 13. Bc2 Ba6 14. Nd2 Na5
15. Bb1 Nxc4 16. Qc2 f5 17. Nf3 d5 18. Rd1 Rc8 19. Ba2 Qd7 20. Bxc4 Bxc4 21.
Ne5 Qc7 22. Rdc1 cxd4 23. exd4 Bb5 24. Qd1 Be8 25. Qe2 Qe7 26. h3 Rc7 27. a4
Bf7 28. Rc2 Rfc8 29. Rac1 Qa3 30. Re1 Re7 31. Rec1 Qxa4 32. c4 Rec7 33. Re1 Qe8
34. Ra1 dxc4 35. Nxc4 Qb5 36. Ne5 Qxe2 37. Rxe2 Rc1+ 38. Rxc1 Rxc1+ 39. Kh2 Be8
40. Nd3 Rd1 41. Rxe6 Rxd3 42. Rxe8+ Kf7 43. Rd8 a5 44. Rd6 Rb3 45. Rd7+ Kf8 46.
Ra7 Rb4 47. d5 a4 48. Kg3 g5 49. Kf3 Rb3+ 50. Ke2 a3 51. d6 Ke8 52. Kd2 b5 53.
g3 b4 54. h4 Rf3 55. hxg5 hxg5 56. Ke2 Rb3 57. f3 Rc3 58. Ra5 Kd7 59. Rxf5 a2
60. Ra5 Ra3 0-1

[Event "10. HIT Open 2005 - B"]
[Site "Nova Gorica SLO"]
[Date "2005.01.31"]
[Round "5.18"]
[White "Kogoj, Boris"]
[Black "Leban, Matej"]
[Result "1-0"]
[WhiteElo "1849"]
[BlackElo "1603"]
[PlyCount "56"]
[EventDate "2005.01.28"]
[EventType "swiss"]
[EventRounds "9"]
[EventCountry "SLO"]
[Source "lmi"]
[SourceDate "2005.02.03"]

1. e4 c5 2. Nf3 d6 3. Bc4 Nc6 4. a3 g6 5. O-O Bg7 6. c3 Nf6 7. d3 O-O 8. Be3 a6
9. Nbd2 Bg4 10. h3 Bd7 11. Re1 b5 12. Ba2 Qc7 13. Qe2 Rac8 14. Nh2 a5 15. Rab1
h6 16. f4 e6 17. Nhf3 Kh7 18. e5 Nd5 19. exd6 Qxd6 20. Ne4 Qc7 21. Bxd5 exd5
22. Nxc5 Rfe8 23. d4 Ne7 24. Ne5 Bxe5 25. fxe5 Nf5 26. Rf1 Kg7 27. Rf2 Rxe5 28.
dxe5 Nxe3 1-0

[Event "10. HIT Open 2005 - B"]
[Site "Nova Gorica SLO"]
[Date "2005.01.31"]
[Round "5.19"]
[White "Stolfa, Rodolfo"]
[Black "Mikuz, Slavko"]
[Result "1-0"]
[WhiteElo "1700"]
[BlackElo "1634"]
[PlyCount "129"]
[EventDate "2005.01.28"]
[EventType "swiss"]
[EventRounds "9"]
[EventCountry "SLO"]
[Source "lmi"]
[SourceDate "2005.02.03"]

1. d4 d5 2. c4 Nf6 3. Nc3 c6 4. cxd5 cxd5 5. Nf3 Nc6 6. e3 Bg4 7. Be2 e6 8. Qa4
Be7 9. Ne5 Bxe2 10. Kxe2 Qb6 11. Qb5 Qxb5+ 12. Nxb5 O-O 13. Bd2 a6 14. Nxc6
bxc6 15. Nc3 c5 16. dxc5 Bxc5 17. Na4 Bd6 18. f3 Rab8 19. Rac1 Rfc8 20. Rxc8+
Rxc8 21. h3 Kf8 22. Bc3 Ke7 23. g4 e5 24. Rd1 Ke6 25. Ba5 Nd7 26. Nc3 g5 27.
Rxd5 Rc5 28. Rxd6+ Kxd6 29. Bb4 Kc6 30. Bxc5 Nxc5 31. Ne4 Ne6 32. Kd3 h6 33.
Kc4 Ng7 34. Ng3 Kd6 35. b4 Ke6 36. e4 Ne8 37. Nf5 Nc7 38. a4 Kd7 39. Kc5 Ne6+
40. Kc4 Nf4 41. Nxh6 f6 42. Nf5 Nxh3 43. Kd3 Nf4+ 44. Kd2 Kc6 45. Ne3 Kd6 46.
Nf1 Ne6 47. Kd3 Nd4 48. Nd2 Kc6 49. Kc4 Kd6 50. b5 a5 51. Nb3 Nxf3 52. Nxa5 Nh2
53. b6 Nxg4 54. Kb5 Nf2 55. Nc4+ Kd7 56. Nd2 Nd3 57. a5 Kc8 58. a6 g4 59. Kc6
Nb4+ 60. Kb5 Nxa6 61. Kxa6 Kb8 62. Nf1 Ka8 63. Ng3 Kb8 64. b7 f5 65. Nxf5 1-0

[Event "10. HIT Open 2005 - B"]
[Site "Nova Gorica SLO"]
[Date "2005.01.31"]
[Round "5.20"]
[White "Winkler, Silvo"]
[Black "Lapornik, Robert"]
[Result "0-1"]
[WhiteElo "1783"]
[BlackElo "2000"]
[PlyCount "86"]
[EventDate "2005.01.28"]
[EventType "swiss"]
[EventRounds "9"]
[EventCountry "SLO"]
[Source "lmi"]
[SourceDate "2005.02.03"]

1. d4 Nf6 2. Nf3 e6 3. c4 b6 4. Nc3 Bb7 5. Bg5 Be7 6. e3 d6 7. Bd3 Nbd7 8. O-O
h6 9. Bh4 g5 10. Bg3 Rg8 11. Nd2 h5 12. f3 h4 13. Bf2 Rh8 14. e4 Nf8 15. Qe2
Ng6 16. Be3 Nf4 17. Bxf4 gxf4 18. e5 Nh5 19. Nde4 dxe5 20. dxe5 Qd7 21. Rad1
O-O-O 22. Nf2 Bc5 23. Be4 Qe7 24. Rxd8+ Rxd8 25. Bxb7+ Kxb7 26. Kh1 a6 27. Nce4
Bd4 28. Ng4 Ka7 29. a3 Rg8 30. Rd1 c5 31. Rd3 Ng3+ 32. Nxg3 hxg3 33. h3 Rh8 34.
Nf6 Rh4 35. Qe4 Qc7 36. b4 Qc8 37. Rxd4 cxd4 38. Qxd4 Kb7 39. Ng4 f5 40. exf6
e5 41. Qd5+ Ka7 42. f7 Rh8 43. c5 Rd8 0-1

[Event "10. HIT Open 2005 - B"]
[Site "Nova Gorica SLO"]
[Date "2005.01.31"]
[Round "5.21"]
[White "Mircoli, Filippo"]
[Black "Valic, Marjan"]
[Result "1-0"]
[WhiteElo "1928"]
[BlackElo "1565"]
[PlyCount "61"]
[EventDate "2005.01.28"]
[EventType "swiss"]
[EventRounds "9"]
[EventCountry "SLO"]
[Source "lmi"]
[SourceDate "2005.02.03"]

1. e4 e5 2. Nf3 Qf6 3. Nc3 c6 4. d4 Bd6 5. Bc4 h6 6. a4 Ne7 7. Be3 Bc7 8. dxe5
Bxe5 9. Nxe5 Qxe5 10. f4 Qf6 11. O-O b6 12. Qe2 O-O 13. Rad1 d5 14. exd5 Nf5
15. Qf2 Nxe3 16. Qxe3 Bf5 17. b3 c5 18. Ne4 Qg6 19. Ng3 Bg4 20. Rd2 Nd7 21. Bd3
Qf6 22. h3 Rae8 23. Qf2 c4 24. bxc4 Bxh3 25. gxh3 Qh4 26. Qg2 g6 27. Ne4 Nc5
28. Nxc5 bxc5 29. f5 Re3 30. Rf3 Rfe8 31. Rdf2 1-0

[Event "10. HIT Open 2005 - B"]
[Site "Nova Gorica SLO"]
[Date "2005.01.31"]
[Round "5.22"]
[White "Portelli, Severino"]
[Black "Jug, Tina"]
[Result "0-1"]
[WhiteElo "1903"]
[BlackElo "1507"]
[PlyCount "102"]
[EventDate "2005.01.28"]
[EventType "swiss"]
[EventRounds "9"]
[EventCountry "SLO"]
[Source "lmi"]
[SourceDate "2005.02.03"]

1. d4 d5 2. Nf3 Nc6 3. c4 e6 4. Nc3 Nf6 5. Bg5 Be7 6. Bxf6 Bxf6 7. e3 O-O 8.
Be2 Re8 9. cxd5 exd5 10. O-O h6 11. a3 Be6 12. Qc2 Qd7 13. Bd3 Bg4 14. Nd2 Rab8
15. Rac1 a6 16. Na4 Na7 17. Nc5 Qe7 18. Kh1 c6 19. Bf5 Bxf5 20. Qxf5 Rbd8 21.
Rc3 Nb5 22. Rb3 Bxd4 23. Nxb7 Qxb7 24. exd4 Nxd4 25. Rxb7 Nxf5 26. Rb6 Nd4 27.
Rc1 c5 28. h3 c4 29. Rd1 Re2 30. Nf1 Ne6 31. Ne3 Rxf2 32. Nxd5 Kf8 33. Kg1 Rf5
34. Ne3 Rxd1+ 35. Nxd1 a5 36. Ne3 Rc5 37. Nd1 Nf4 38. Nc3 Nd3 39. g3 Re5 40.
Kg2 Rc5 41. h4 Rf5 42. Kg1 Rf3 43. Rb8+ Ke7 44. Ne4 Re3 45. Rb7+ Ke6 46. Rb6+
Ke5 47. Nd6 Rxg3+ 48. Kh2 Kf4 49. Rb5 Ne5 50. Rxe5 Kxe5 51. Nxc4+ Kf4 0-1

[Event "10. HIT Open 2005 - B"]
[Site "Nova Gorica SLO"]
[Date "2005.01.31"]
[Round "5.23"]
[White "Zivkovic, Jan"]
[Black "Bizjak, Nejc"]
[Result "0-1"]
[WhiteElo "1850"]
[BlackElo "1500"]
[PlyCount "92"]
[EventDate "2005.01.28"]
[EventType "swiss"]
[EventRounds "9"]
[EventCountry "SLO"]
[Source "lmi"]
[SourceDate "2005.02.03"]

1. Nf3 Nf6 2. d4 d5 3. g3 e6 4. Bg2 Be7 5. O-O O-O 6. Nc3 h6 7. Bf4 Bd6 8. Qd2
Bxf4 9. Qxf4 c6 10. e4 dxe4 11. Nxe4 Nxe4 12. Qxe4 Nd7 13. c4 Nf6 14. Qe5 b6
15. Rad1 Bb7 16. Qf4 Rc8 17. Ne5 Qc7 18. b4 Rfd8 19. Qf3 Ba8 20. c5 Nd5 21. Qb3
Ne7 22. g4 b5 23. f4 Nd5 24. f5 exf5 25. Rxf5 f6 26. Nd3 Qf7 27. Bxd5 cxd5 28.
Re1 Re8 29. Rff1 Rxe1 30. Rxe1 Re8 31. Qc3 Kf8 32. Nf4 Rxe1+ 33. Qxe1 Qe8 34.
Qxe8+ Kxe8 35. Ne6 Kf7 36. Nc7 Bc6 37. Na6 g6 38. Nb8 Bb7 39. Kf2 Ke7 40. c6
Bc8 41. Kg3 g5 42. Kf3 Kd6 43. a4 bxa4 44. b5 Kc7 45. Ke3 a3 46. Na6+ Bxa6 0-1

[Event "10. HIT Open 2005 - B"]
[Site "Nova Gorica SLO"]
[Date "2005.01.31"]
[Round "5.24"]
[White "Pulec, Lea"]
[Black "Bembich, Corrado"]
[Result "0-1"]
[WhiteElo "1554"]
[BlackElo "2000"]
[PlyCount "108"]
[EventDate "2005.01.28"]
[EventType "swiss"]
[EventRounds "9"]
[EventCountry "SLO"]
[Source "lmi"]
[SourceDate "2005.02.03"]

1. c4 Nf6 2. Nc3 g6 3. Nf3 d6 4. e4 e5 5. d3 c5 6. Bg5 Bg4 7. Be2 Nbd7 8. O-O
Bg7 9. Qa4 a6 10. Nd5 O-O 11. b4 Re8 12. bxc5 dxc5 13. Rfe1 Nf8 14. Nd2 Bxe2
15. Rxe2 Ne6 16. Bh4 Nd4 17. Ree1 b5 18. Qd1 Rb8 19. Rb1 Qd6 20. Nb3 Nxd5 21.
exd5 Bf6 22. Bxf6 Qxf6 23. Nxd4 cxd4 24. a4 bxc4 25. dxc4 a5 26. Qd2 Rxb1 27.
Rxb1 Qa6 28. c5 d3 29. f3 Qc4 30. Rc1 Qxd5 31. Qxa5 e4 32. fxe4 Qxe4 33. Qd2
Qd4+ 34. Kh1 Re2 35. Qa5 Qd5 36. Rg1 d2 37. h3 Qxg2+ 38. Rxg2 d1=Q+ 39. Kh2 Re1
40. Qa8+ Kg7 41. Rf2 Qd4 42. Qf3 Re7 43. Rc2 Qxa4 44. Qc3+ Kg8 45. c6 Rc7 46.
Rc1 h5 47. Qe5 Qa7 48. Ra1 Qf2+ 49. Kh1 Qf3+ 50. Kh2 Qxc6 51. Ra2 f6 52. Qg3
Kg7 53. Ra5 Rb7 54. Qf2 Qc7+ 0-1

[Event "10. HIT Open 2005 - B"]
[Site "Nova Gorica SLO"]
[Date "2005.01.31"]
[Round "6.1"]
[White "Skok, Joze"]
[Black "Skoberne, Renato"]
[Result "0-1"]
[WhiteElo "2102"]
[BlackElo "2083"]
[PlyCount "78"]
[EventDate "2005.01.28"]
[EventType "swiss"]
[EventRounds "9"]
[EventCountry "SLO"]
[Source "lmi"]
[SourceDate "2005.02.03"]

1. e4 Nf6 2. e5 Nd5 3. Nf3 d6 4. d4 Nc6 5. c4 Nb6 6. exd6 exd6 7. h3 Be7 8. Nc3
O-O 9. Bd3 Bf6 10. Be3 Nb4 11. Be2 Bf5 12. Rc1 c6 13. a3 Na6 14. O-O d5 15.
cxd5 Nxd5 16. Nxd5 Qxd5 17. Bc4 Qa5 18. Qb3 Qb6 19. Qxb6 axb6 20. Ne5 b5 21.
Bb3 Rad8 22. f4 Nc7 23. Rfd1 Be4 24. Kf2 Bd5 25. Bxd5 Nxd5 26. Kf3 Be7 27. Bd2
f6 28. Nd3 Ra8 29. Nc5 Bxc5 30. dxc5 Kf7 31. Re1 Ra4 32. g4 Rd4 33. Be3 Rd3 34.
Rcd1 Rb3 35. Re2 Re8 36. Rde1 g6 37. Kf2 Nxe3 38. Rxe3 Rxb2+ 39. Kf3 Rxe3+ 0-1